| 000 | 00729nam a2200217Ia 4500 | ||
|---|---|---|---|
| 008 | 201221s9999||||xx |||||||||||||| ||und|| | ||
| 020 | _a7550624151 | ||
| 020 | _a9787550624153 | ||
| 041 | _achi | ||
| 050 |
_aDS759.35 _b.T369 2016 |
||
| 100 | _a陶兆麒 | ||
| 245 | 0 |
_a壬癸避难日志; 辛卯年日记 _b / _c陶兆麒著; 张霞整理 |
|
| 246 | _a壬癸避難日誌; 辛卯年日記 | ||
| 260 |
_a南京市 : _b凤凰出版社, _c2016 |
||
| 300 |
_a4, 2, 178 p. : _bcol. ill. ; _c21 cm. |
||
| 490 | _a中国近现代稀见史料丛刊 | ||
| 650 | _aChina History Taiping Rebellion, 1850-1864 Personal narratives. | ||
| 650 | _aPersonal narratives. | ||
| 650 | _aTaiping Rebellion (China : 1850-1864) | ||
| 999 |
_c35162 _d35162 |
||